| 000 | 00698nam a2200265 a 4500 | ||
|---|---|---|---|
| 003 | AR-BaBNM | ||
| 005 | 20251128204924.0 | ||
| 008 | 082120s2002 ||||||||||||||000 | spa|| | ||
| 020 | _a84-7639-145-5 | ||
| 040 | _cAR-BaBNM | ||
| 100 | 1 | _aReyes, Román | |
| 245 | 0 | 0 |
_aSociología y vida cotidiana _bnotas para un estudio alternativo |
| 250 | _a1ª ed. | ||
| 260 |
_aBarcelona _bMontesinos _c1992 |
||
| 300 |
_a128 p. _bgráfs. |
||
| 490 | 0 | _aSociedad y conocimiento | |
| 650 | 4 | _aSOCIOLOGIA CULTURAL | |
| 650 | 4 | _aPSICOLOGIA SOCIAL | |
| 650 | 4 | _aSOCIOLOGIA URBANA | |
| 650 | 4 | _aMEDIO HUMANO | |
| 650 | 4 | _aMEDIO SOCIAL | |
| 650 | 4 | _aCRISIS CULTURAL | |
| 942 | _cBK | ||
| 998 | _cEnrique | ||
| 999 |
_c9343 _d9343 |
||